| 000 | 01287nam a22003377a 4500 | ||
|---|---|---|---|
| 003 | CHAP | ||
| 005 | 20220329143447.0 | ||
| 008 | 091103s2008 mx a r 00010 spa d | ||
| 010 | _a96985 | ||
| 011 | _a97957 | ||
| 020 | _a9789708260329 | ||
| 035 | _a108632 | ||
| 040 | _cCHAP | ||
| 082 | 0 | 4 |
_a972.52 _bN22 |
| 100 | 1 |
_aNavarrete Sánchez, Rosa María. _980521 |
|
| 245 | 1 | 0 |
_aColorines : _bpuerta del sur, municipio de Valle de Bravo _c/por Rosa María Navarrete Sánchez |
| 260 |
_aToluca, Méx. : _bGobierno del Estado de México, _c2008 |
||
| 300 |
_a191 p. : _bilus. |
||
| 490 | 0 |
_aBiblioteca Mexiquense del Bicentenario. _pRegiones y pueblos del Estado de México |
|
| 590 |
_aBATCH-UPD _b10 _c20130110 _lUCH01 _h1658 |
||
| 590 |
_aBATCH-UPD _b10 _c20130410 _lUCH01 _h1046 |
||
| 590 |
_aBATCH-UPD _b10 _c20130914 _lUCH01 _h1826 |
||
| 590 |
_aCONVERSION _b10 _c20130109 _lUCH01 _h1354 |
||
| 650 | 1 | 4 |
_aMéxico (Edo.) _xCondiciones económicas. _976824 |
| 650 | 1 | 4 |
_aMéxico (Edo.) _xCondiciones sociales. _976825 |
| 650 | 1 | 4 |
_aMéxico (Edo.) _xHistoria. _976831 |
| 830 | 0 |
_aBiblioteca Mexiquense del Bicentenario. _pRegiones y pueblos del Estado de México _912441 |
|
| 901 | _aBK | ||
| 942 | _cLIBRO | ||
| 949 |
_a972.52 N22 _bBC _cLIBRO _d33724002103397 _eLIBRO _gI.c/e _h111256 _i108632 _sb |
||
| 999 |
_c96985 _d96985 |
||